Statistics for Φαγητά που αρχίζουν από Τ (με εικόνες)

Click here to take the quiz!

General Stats

  • This quiz has been taken 133 times
  • The average score is 14 of 17

Answer Stats

Answer% Correct
Τσάι
98%
Τζατζίκι
98%
Τσίχλα
98%
Τιραμισού
93%
Ταραμοσαλάτα
93%
Τσίπουρο
93%
Τουρσί
87%
Τορτελίνια
87%
Τάκος
85%
Τσιπούρα
83%
Τρουφάκια
83%
Τορτίγια
83%
Τζίντζερ
80%
Τσίλι
80%
Τόνος
74%
Τραχανάς
69%
Τόφου
57%

Score Distribution

Percentile by Number Answered

Percent of People with Each Score

Your Score History

You have not taken this quiz